Building skills for the Toefl:Test of English as a Foreign (Record no. 513)

MARC details
000 -LEADER
fixed length control field 00433nam a22001457a 4500
003 - CONTROL NUMBER IDENTIFIER
control field OSt
005 - DATE AND TIME OF LATEST TRANSACTION
control field 20160727222359.0
008 - FIXED-LENGTH DATA ELEMENTS--GENERAL INFORMATION
fixed length control field 160623b xxu||||| |||| 00| 0 eng d
040 ## - CATALOGING SOURCE
Transcribing agency TEST'
100 ## - MAIN ENTRY--PERSONAL NAME
9 (RLIN) 631
Personal name Different Dragons
245 ## - TITLE STATEMENT
Title Building skills for the Toefl:Test of English as a Foreign
260 ## - PUBLICATION, DISTRIBUTION, ETC. (IMPRINT)
Place of publication, distribution, etc. A.D & Galgotia book source
Date of publication, distribution, etc. 1983
300 ## - PHYSICAL DESCRIPTION
Extent Building skills for the Toefl:Test of English as a Foreign
942 ## - ADDED ENTRY ELEMENTS (KOHA)
Source of classification or shelving scheme Dewey Decimal Classification
Koha item type BOOK
Holdings
Withdrawn status Lost status Source of classification or shelving scheme Damaged status Not for loan Home library Current library Shelving location Date acquired Total Checkouts Full call number Barcode Date last seen Price effective from Koha item type
    Dewey Decimal Classification     Good Samaritan School Library Good Samaritan School Library English 06/23/2016   KIN402 B-5 KIN298 06/23/2016 06/23/2016 BOOK

Powered by Koha